Normal view MARC view
  • Sobolev, S. L.

Entry Personal Name

Number of records used in: 1

001 - CONTROL NUMBER

  • control field: 153737

003 - CONTROL NUMBER IDENTIFIER

  • control field: TR-AnTOB

005 - DATE AND TIME OF LATEST TRANSACTION

  • control field: 20260416141713.0

008 - FIXED-LENGTH DATA ELEMENTS

  • fixed length control field: 820126n| acannaabn |a aaa

010 ## - LIBRARY OF CONGRESS CONTROL NUMBER

  • LC control number: n 81120984

035 ## - SYSTEM CONTROL NUMBER

  • System control number: (OCoLC)oca00665949

040 ## - CATALOGING SOURCE

  • Original cataloging agency: DLC
  • Language of cataloging: eng
  • Transcribing agency: DLC
  • Modifying agency: DLC
  • Modifying agency: ICRL
  • Modifying agency: DLC
  • Modifying agency: TxHU

100 1# - HEADING--PERSONAL NAME

  • Personal name: Sobolev, S. L.
  • Fuller form of name: (Sergeĭ Lʹvovich),
  • Dates associated with a name: 1908-1989

400 1# - SEE FROM TRACING--PERSONAL NAME

  • Personal name: Sobolev, Sergeĭ Lʹvovich,
  • Dates associated with a name: 1908-1989

400 1# - SEE FROM TRACING--PERSONAL NAME

  • Personal name: Sobolew, S. L.,
  • Dates associated with a name: 1908-1989

400 1# - SEE FROM TRACING--PERSONAL NAME

  • Personal name: Sobolev, Serge L.,
  • Dates associated with a name: 1908-1989

670 ## - SOURCE DATA FOUND

  • Source citation: His Uravnenii︠a︡ matematicheskoĭ fiziki, 1947.

670 ## - SOURCE DATA FOUND

  • Source citation: Konferent︠s︡ii︠a︡ po different︠s︡ialʹnym uravnenii︠a︡m i vychislitelʹnoĭ matematike (1978 : Novosibirsk, R.S.F.S.R.). Teorii︠a︡ kubaturnykh formul i vychislitelʹnai︠a︡ matematika, 1980:
  • Information found: t.p. (S. L. Sobolev) verso t.p. (Sergeĭ Lʹvovich Sobolev)

670 ## - SOURCE DATA FOUND

  • Source citation: Issledovanii︠a︡ po teorii funkt︠s︡iĭ mnogikh ... 1985:
  • Information found: t.p. (akademika S. L. Soboleva)

670 ## - SOURCE DATA FOUND

  • Source citation: Different︠s︡. uravn. i funkt︠s︡ionalʹnye prostranstva, 1990:
  • Information found: p. facing t.p. (Sergeĭ Lʹvovich Sobolev (1908-1989))

670 ## - SOURCE DATA FOUND

  • Source citation: Sur les équations aux dérivées partielles hyperboliques non-linéaires, 1961:
  • Information found: t.p. (Serge L. Sobolev)

670 ## - SOURCE DATA FOUND

  • Source citation: OCLC, Jan. 4, 2010
  • Information found: (hdg.: Sobolev, S. L. (Sergeĭ Lʹvovich), 1908- ; usage: S.L. Sobolew, Serge L. Sobolev)

670 ## - SOURCE DATA FOUND

  • Source citation: Wikipedia, Jan. 4, 2010
  • Information found: (Sergei Sobolev, Oct. 6, 1908-Jan. 3, 1989)
Devinim Yazılım Eğitim Danışmanlık tarafından Koha'nın orjinal sürümü uyarlanarak geliştirilip kurulmuştur.